| 000 | 00619nam 22001933 4500 | ||
|---|---|---|---|
| 001 | 199481 | ||
| 090 | _a199481 | ||
| 100 | _a20251210d u||y0pory50 ba | ||
| 101 | _apor | ||
| 200 |
_aComo Realizar a Avaliação Contínua _fPedro Munício _gTradução de Rosa Moura |
||
| 210 |
_aCoimbra _cLivraria Almedina _d1978 |
||
| 215 |
_a121, [3] p. : il. _cBrochado _d19 cm |
||
| 225 |
_aAlmedina _v39 |
||
| 606 |
_914526 _aCiências Sociais _xEducação. Avaliação |
||
| 675 |
_a371.26/MUN/COM _vPT _zpor |
||
| 700 |
_915331 _aMunício _bPedro |
||
| 801 |
_aPT _bBMMN _gRPC |
||
| 830 |
_cCarlos Pinto _d10-12-2025 _fCarlos Pinto |
||
| 990 | _cLIVROS | ||